| 000 | 00463nam a22001817a 4500 | ||
|---|---|---|---|
| 999 |
_c525938 _d525938 |
||
| 003 | NUST | ||
| 005 | 20190705135451.0 | ||
| 020 | _q(Hbk) | ||
| 038 | _aM. Shaban | ||
| 082 |
_a923.143 _bHIT |
||
| 100 |
_aHitler, Adolf _916889 |
||
| 245 |
_aMari jidojehd / _cAdolf Hitler |
||
| 260 |
_aLahore : _bFiction House, _c2004. |
||
| 300 | _a304 p. ; | ||
| 880 |
_6100-01\r _aہرایڈولف ہٹلر |
||
| 880 |
_6245-02\r _aمیری جدوجہد / |
||
| 942 |
_2ddc _cBK |
||